[Event "ISR-ch U18"]
[Site "Petah Tikva"]
[Date "1997.??.??"]
[Round "7"]
[White "Ribshtein, Nati"]
[Black "Eyal, Ido"]
[Result "1-0"]
[WhiteElo "2290"]
[BlackElo "2160"]
[PlyCount "81"]
[EventDate "1997.04.13"]
[EventType "tourn"]
[EventRounds "9"]
[EventCountry "ISR"]
[SourceTitle "CBM 058 Extra"]
[Source "ChessBase"]
[SourceDate "1997.07.29"]
[SourceVersion "1"]
[SourceVersionDate "1997.07.29"]
[SourceQuality "1"]

1. e4 e5 2. Nf3 Nc6 3. d4 exd4 4. Nxd4 Nf6 5. Nxc6 bxc6 6. e5 Qe7 7. Qe2 Nd5 8. c4 Ba6 9. b3 Qh4 10. a3 Nf4 11. Qe4 Ng6 12. Qe3 d6 13. g3 Qe7 14. Bg2 Bb7 15. f4 d5 16. Bb2 f5 17. Nd2 Qc5 18. Qxc5 Bxc5 19. Rc1 Be3 20. cxd5 0-0-0 21. Rc3 Bxd2+ 22. Kxd2 Nf8 23. Rhc1 Ne6 24. Rxc6 Bxc6 25. Rxc6 Rhe8 26. Ke3 Nf8 27. Bd4 Kb7 28. Rc4 Kb8 29. Rb4+ Kc8 30. Bxa7 g5 31. Rc4 gxf4+ 32. gxf4 Kb7 33. Bd4 Kb8 34. a4 Ng6 35. Rc5 Rg8 36. Bf1 Nh4 37. e6 Ng2+ 38. Kf3 Ne1+ 39. Kf2 Nc2 40. Rxc2 Rxd5 41. Be5 1-0